000 00364nam a2200157Ia 4500
003 OSt
005 20240120153124.0
008 170523s9999 xx 000 0 und d
020 _a 9788185224923
040 _ciimt university meerut
100 _aVERMA- JC
245 0 _aMERCHANT BANKING
260 _bNEW DELHI BHARAT LAW HOUSE
260 _c1995
942 _2ddc
_c02
999 _c40
_d40